00538nam a2200145 i 450000100060000000300090000600700030001500800410001824500710005926000710013030000220020185200310022399900170025495201210027161249ES-MaACLt|031111s1975 sp ||||1| spa d00aCincuentenario del Estatuto Municipal b: estudios conmemorativos. aMadrid : bInstituto de Estudio de Administración Local, c1975. a731 p. ; c24 cm. aES-MaACLjE-8140 bR.92533 c61249d61249 00104070aATENEOMbATENEOMcDEPO2d2008-01-17eSCl0oE-8140p1064230r2023-02-23 00:00:00w2023-02-23yMONOGRAFIA